Trade unions : Public goods or public bads?

Spremljeno u:
Bibliografski detalji
Format: Knjiga
Jezik:Undetermined
Izdano: London Institute of Economic Affairs 1978
Teme:
Oznake: Dodaj oznaku
Bez oznaka, Budi prvi tko označuje ovaj zapis!
Thư viện lưu trữ: Trung tâm Học liệu Trường Đại học Cần Thơ
LEADER 00531nam a2200181Ia 4500
001 CTU_79197
008 210402s9999 xx 000 0 und d
082 |a 331.88 
082 |b T763 
245 0 |a Trade unions : 
245 0 |b Public goods or public bads? 
245 0 |c Lord Robbins ... [et al.] 
260 |a London 
260 |b Institute of Economic Affairs 
260 |c 1978 
650 |a Collective bargaining,Labor unions 
650 |z Great Britain,Great Britain 
980 |a Trung tâm Học liệu Trường Đại học Cần Thơ